Flowering bulbs - Statistics

General Stats
  • This quiz has been taken 28 times
  • The average score is 9 of 19
Answer Stats
Picture Answer % Correct
Tulip
100%
Daffodil
95%
Iris
95%
Lily
86%
Blue bell
81%
Hyacinth
76%
Crocus
71%
Snow drop
52%
Gladioli
48%
Allium
43%
Grape hyacinth
38%
Amarylis
14%
Star of bethlehem
14%
Autumn crocus
10%
Fresia
10%
Scilla
10%
Fritillaria
5%
Nerine
5%
Chionodoxa
0%
No matching quizzes found
Score Distribution
Percent of People with Each Score
Percentile by Number Answered
Your Score History
You have not taken this quiz